[Event "Open Praha 2018 - A"]
[Site "?"]
[Date "2018.01.16"]
[Round "6"]
[White "Kalegin, Evgenij"]
[Black "Tuma, Jiri"]
[Result "1-0"]
[BlackElo "2272"]
[WhiteElo "2426"]
[LiveChessVersion "1.4.8"]

1. e4 {[%clk 1:30:55]} c5 {[%clk 1:19:23]} 2. Nf3 {[%clk 1:31:14]} e6
{[%clk 1:19:22]} 3. g3 {[%clk 1:31:18]} Nc6 {[%clk 1:19:00]} 4. Bg2
{[%clk 1:31:03]} Nf6 {[%clk 1:18:47]} 5. Qe2 {[%clk 1:30:44]} d6 {[%clk 1:15:52]}
6. O-O {[%clk 1:30:55]} Be7 {[%clk 1:15:56]} 7. c3 {[%clk 1:29:18]} O-O
{[%clk 1:15:07]} 8. d4 {[%clk 1:26:57]} d5 {[%clk 1:12:16]} 9. e5
{[%clk 1:25:36]} Nd7 {[%clk 1:10:45]} 10. Rd1 {[%clk 1:23:36]} b6
{[%clk 1:05:59]} 11. Bf4 {[%clk 1:20:19]} a5 {[%clk 1:04:27]} 12. h4
{[%clk 1:19:38]} Ba6 {[%clk 1:03:28]} 13. Qe3 {[%clk 1:19:11]} b5
{[%clk 0:55:01]} 14. Nbd2 {[%clk 1:13:18]} b4 {[%clk 0:51:50]} 15. Bf1
{[%clk 1:07:26]} Bxf1 {[%clk 0:33:12]} 16. Nxf1 {[%clk 1:03:39]} c4
{[%clk 0:32:22]} 17. Bg5 {[%clk 0:54:30]} a4 {[%clk 0:23:48]} 18. a3
{[%clk 0:53:06]} bxc3 {[%clk 0:21:46]} 19. bxc3 {[%clk 0:51:11]} Rb8
{[%clk 0:20:09]} 20. Rdb1 {[%clk 0:47:17]} Rb3 {[%clk 0:20:12]} 21. N1d2
{[%clk 0:47:28]} Na5 {[%clk 0:20:10]} 22. Ne1 {[%clk 0:45:50]} h6
{[%clk 0:17:29]} 23. Bxe7 {[%clk 0:45:24]} Qxe7 {[%clk 0:17:52]} 24. Nc2
{[%clk 0:45:21]} Rc8 {[%clk 0:11:42]} 25. Nb4 {[%clk 0:45:17]} Qd8
{[%clk 0:08:35]} 26. f4 {[%clk 0:43:55]} Kh8 {[%clk 0:08:27]} 27. Rf1
{[%clk 0:43:50]} Qg8 {[%clk 0:07:48]} 28. f5 {[%clk 0:43:28]} Nc6
{[%clk 0:03:24]} 29. Nxb3 {[%clk 0:24:28]} cxb3 {[%clk 0:03:03]} 30. Qd3
{[%clk 0:23:58]} Ne7 {[%clk 0:01:22]} 31. fxe6 {[%clk 0:22:06]} fxe6
{[%clk 0:01:35]} 32. Qb5 {[%clk 0:20:30]} Qe8 {[%clk 0:01:27]} 33. Rf3
{[%clk 0:18:52]} Kh7 {[%clk 0:01:18]} 34. Kg2 {[%clk 0:15:44]} Nf5
{[%clk 0:00:51]} 35. Qxa4 {[%clk 0:15:08]} b2 {[%clk 0:00:52]} 36. Rh1
{[%clk 0:14:53]} Nxh4+ {[%clk 0:00:39]} 37. gxh4 {[%clk 0:15:05]} Qg6+
{[%clk 0:01:00]} 38. Kh2 {[%clk 0:12:42]} Nxe5 {[%clk 0:01:18]} 39. dxe5
{[%clk 0:09:29]} Rc4 {[%clk 0:01:46]} 40. Qc2 {[%clk 0:08:58]} Rxh4+
{[%clk 0:01:32]} 41. Rh3 {[%clk 0:09:21]} Re4 {[%clk 0:01:21]} 42. Rg1
{[%clk 0:00:58]} Qf5 {[%clk 0:28:57]} 43. Nd3 {[%clk 0:28:42]} g5
{[%clk 0:24:46]} 44. Qxb2 {[%clk 0:20:05]} g4 {[%clk 0:23:47]} 45. Qg2
{[%clk 0:18:38]} Qg5 {[%clk 0:18:06]} 46. Qf2 {[%clk 0:15:54]} h5
{[%clk 0:14:27]} 47. Qf7+ {[%clk 0:15:20]} 1-0

[Event "Open Praha 2018 - A"]
[Site "?"]
[Date "2018.01.16"]
[Round "6"]
[White "Lalic, Bogdan"]
[Black "Nitish, Belurkar"]
[Result "1/2-1/2"]
[BlackElo "2270"]
[WhiteElo "2415"]
[LiveChessVersion "1.4.8"]

1. d4 d5 2. c4 e6 3. Nc3 Nf6 4. cxd5 exd5 5. Bg5 c6 6. e3 Be7 7. Bd3 Nbd7 8. h3
O-O 9. Qc2 Re8 10. Nf3 Nf8 11. Bf4 Ng6 12. Bh2 Bd6 13. Bxd6 Qxd6 14. O-O-O b5 15.
Kb1 a5 16. g4 Ba6 17. g5 b4 18. Bxa6 Rxa6 19. gxf6 bxc3 20. fxg7 Qf6 21. Ne1 cxb2
22. Nd3 1/2-1/2

[Event "Open Praha 2018 - A"]
[Site "?"]
[Date "2018.01.16"]
[Round "6"]
[White "Prudnykova, Olga"]
[Black "Akshat, Khamparia"]
[Result "0-1"]
[BlackElo "2381"]
[WhiteElo "2280"]
[LiveChessVersion "1.4.8"]

1. e4 {[%clk 1:30:57]} c5 {[%clk 1:26:16]} 2. Nf3 {[%clk 1:31:21]} d6
{[%clk 1:26:34]} 3. d4 {[%clk 1:31:45]} cxd4 {[%clk 1:27:03]} 4. Nxd4
{[%clk 1:32:10]} Nf6 {[%clk 1:27:30]} 5. Nc3 {[%clk 1:32:35]} g6 {[%clk 1:27:12]}
6. Be2 {[%clk 1:32:55]} Bg7 {[%clk 1:27:31]} 7. O-O {[%clk 1:32:31]} O-O
{[%clk 1:27:44]} 8. Bg5 {[%clk 1:32:25]} Nc6 {[%clk 1:27:53]} 9. Nb3
{[%clk 1:32:50]} h6 {[%clk 1:27:15]} 10. Bh4 {[%clk 1:33:06]} a6 {[%clk 1:24:17]}
11. f4 {[%clk 1:32:53]} b5 {[%clk 1:23:37]} 12. Bf3 {[%clk 1:33:10]} Bb7
{[%clk 1:23:48]} 13. Nd5 {[%clk 1:22:45]} Nd7 {[%clk 1:22:52]} 14. c3
{[%clk 1:22:11]} Re8 {[%clk 1:17:25]} 15. Qd2 {[%clk 1:19:09]} Qb8
{[%clk 1:15:40]} 16. Bg4 {[%clk 1:09:09]} e6 {[%clk 1:07:41]} 17. f5
{[%clk 0:42:43]} Nce5 {[%clk 1:06:03]} 18. fxe6 {[%clk 0:41:22]} fxe6
{[%clk 1:02:24]} 19. Ne7+ {[%clk 0:29:46]} Rxe7 {[%clk 1:00:40]} 20. Bxe7
{[%clk 0:30:12]} Nxg4 {[%clk 1:01:07]} 21. Bxd6 {[%clk 0:28:54]} Qa7+
{[%clk 0:57:58]} 22. Kh1 {[%clk 0:29:09]} Qe3 {[%clk 0:56:13]} 23. Rae1
{[%clk 0:18:39]} Qxd2 {[%clk 0:56:38]} 24. Nxd2 {[%clk 0:19:05]} Nge5
{[%clk 0:55:21]} 25. b3 {[%clk 0:14:52]} Nf7 {[%clk 0:54:42]} 26. e5
{[%clk 0:15:11]} Ndxe5 {[%clk 0:52:11]} 27. Bxe5 {[%clk 0:14:42]} Nxe5
{[%clk 0:52:37]} 28. Ne4 {[%clk 0:13:24]} Rf8 {[%clk 0:50:28]} 29. Nc5
{[%clk 0:08:57]} Bc8 {[%clk 0:50:51]} 30. Kg1 {[%clk 0:05:31]} Rf5
{[%clk 0:49:13]} 31. Rd1 {[%clk 0:03:49]} Nf7 {[%clk 0:49:10]} 32. Ne4
{[%clk 0:02:23]} Be5 {[%clk 0:48:02]} 33. c4 {[%clk 0:01:13]} bxc4
{[%clk 0:47:23]} 34. bxc4 {[%clk 0:01:39]} Kg7 {[%clk 0:47:13]} 35. h3
{[%clk 0:01:05]} Bc7 {[%clk 0:46:58]} 36. c5 {[%clk 0:00:48]} Kf8
{[%clk 0:42:31]} 37. g4 {[%clk 0:00:54]} Rxf1+ {[%clk 0:42:43]} 38. Kxf1
{[%clk 0:01:20]} Ke7 {[%clk 0:43:00]} 39. Ke2 {[%clk 0:01:15]} Bb7
{[%clk 0:42:47]} 40. Ke3 {[%clk 0:00:51]} g5 {[%clk 0:42:36]} 41. Rf1
{[%clk 0:23:11]} Bf4+ {[%clk 1:12:27]} 42. Kd4 {[%clk 0:22:18]} Ne5
{[%clk 1:12:14]} 43. Rd1 {[%clk 0:15:31]} Bd5 {[%clk 1:09:08]} 44. a3
{[%clk 0:13:31]} Nc4 {[%clk 1:08:44]} 45. c6 {[%clk 0:06:44]} Bxc6
{[%clk 1:02:07]} 46. Nc5 {[%clk 0:02:43]} Bd5 {[%clk 0:58:59]} 47. Nxa6
{[%clk 0:02:40]} Be5+ {[%clk 0:58:03]} 48. Kc5 {[%clk 0:03:01]} Bd6+
{[%clk 0:58:25]} 49. Kb5 {[%clk 0:02:51]} Nxa3+ {[%clk 0:58:38]} 50. Kb6
{[%clk 0:03:04]} Nc4+ {[%clk 0:58:36]} 51. Kb5 {[%clk 0:03:29]} Ne3
{[%clk 0:58:41]} 52. Ra1 {[%clk 0:02:37]} Ng2 {[%clk 0:58:33]} 53. Nc5
{[%clk 0:02:33]} Bxc5 {[%clk 0:58:54]} 54. Kxc5 {[%clk 0:03:01]} Nf4
{[%clk 0:59:16]} 55. Kd4 {[%clk 0:01:13]} Kf6 {[%clk 0:59:25]} 56. Ra3
{[%clk 0:01:11]} Bg2 {[%clk 0:59:40]} 57. Ra7 {[%clk 0:00:53]} Bxh3
{[%clk 0:59:56]} 58. Rh7 {[%clk 0:01:07]} Kg6 {[%clk 1:00:21]} 59. Rh8
{[%clk 0:01:21]} Bxg4 {[%clk 1:00:36]} 0-1

[Event "Open Praha 2018 - A"]
[Site "?"]
[Date "2018.01.16"]
[Round "6"]
[White "Ustinov, Alexey"]
[Black "Chekletsov, Ilya"]
[Result "0-1"]
[BlackElo "2373"]
[WhiteElo "2240"]
[LiveChessVersion "1.4.8"]

1. c4 {[%clk 1:30:58]} e6 {[%clk 1:30:53]} 2. Nc3 {[%clk 1:31:20]} Bb4
{[%clk 1:31:17]} 3. Qc2 {[%clk 1:30:36]} c5 {[%clk 1:30:56]} 4. a3
{[%clk 1:29:01]} Ba5 {[%clk 1:31:21]} 5. Nf3 {[%clk 1:17:33]} Nc6
{[%clk 1:30:01]} 6. d3 {[%clk 1:05:27]} a6 {[%clk 1:28:22]} 7. Bd2
{[%clk 1:00:34]} Nf6 {[%clk 1:28:38]} 8. g3 {[%clk 0:58:49]} O-O {[%clk 1:26:56]}
9. Bg2 {[%clk 0:58:57]} Rb8 {[%clk 1:27:09]} 10. O-O {[%clk 0:58:22]} Qe7
{[%clk 1:20:10]} 11. Rac1 {[%clk 0:53:43]} h6 {[%clk 1:18:58]} 12. Rfd1
{[%clk 0:48:40]} Rd8 {[%clk 1:18:19]} 13. h3 {[%clk 0:45:56]} d6 {[%clk 1:06:23]}
14. Be3 {[%clk 0:35:40]} e5 {[%clk 1:02:23]} 15. Nd5 {[%clk 0:28:20]} Nxd5
{[%clk 1:02:01]} 16. cxd5 {[%clk 0:28:44]} Nd4 {[%clk 1:02:22]} 17. Nxd4
{[%clk 0:27:55]} exd4 {[%clk 0:51:33]} 18. Bd2 {[%clk 0:27:46]} Bxd2
{[%clk 0:51:57]} 19. Rxd2 {[%clk 0:27:33]} Bd7 {[%clk 0:51:49]} 20. b4
{[%clk 0:26:53]} b6 {[%clk 0:52:15]} 21. Rdd1 {[%clk 0:21:59]} Rbc8
{[%clk 0:48:04]} 22. Qb2 {[%clk 0:21:47]} Ba4 {[%clk 0:48:18]} 23. Re1
{[%clk 0:22:06]} Rb8 {[%clk 0:45:47]} 24. e3 {[%clk 0:21:39]} dxe3
{[%clk 0:37:45]} 25. Rxe3 {[%clk 0:22:04]} Qc7 {[%clk 0:37:54]} 26. Re4
{[%clk 0:16:14]} Bd7 {[%clk 0:36:54]} 27. Re7 {[%clk 0:14:56]} Re8
{[%clk 0:37:14]} 28. Rce1 {[%clk 0:14:10]} Rxe7 {[%clk 0:37:27]} 29. Rxe7
{[%clk 0:14:34]} Re8 {[%clk 0:37:45]} 30. Qe2 {[%clk 0:13:23]} Qd8
{[%clk 0:31:51]} 31. Re4 {[%clk 0:10:11]} cxb4 {[%clk 0:29:44]} 32. axb4
{[%clk 0:10:37]} a5 {[%clk 0:27:04]} 33. Qb2 {[%clk 0:06:01]} a4 {[%clk 0:21:54]}
34. b5 {[%clk 0:03:33]} Qa8 {[%clk 0:13:18]} 35. Qa3 {[%clk 0:01:42]} Rxe4
{[%clk 0:08:07]} 36. dxe4 {[%clk 0:02:07]} Bxb5 {[%clk 0:08:35]} 37. f4
{[%clk 0:00:59]} Be8 {[%clk 0:06:58]} 38. e5 {[%clk 0:01:12]} b5 {[%clk 0:07:24]}
39. Be4 {[%clk 0:00:39]} Qa7+ {[%clk 0:03:57]} 40. Kg2 {[%clk 0:00:36]} Qd4
{[%clk 0:03:47]} 41. Kf3 {[%clk 0:00:34]} b4 {[%clk 0:00:39]} 42. Qa2
{[%clk 0:27:05]} dxe5 {[%clk 0:29:18]} 43. fxe5 {[%clk 0:27:28]} Qxe5
{[%clk 0:29:43]} 44. Qe2 {[%clk 0:24:53]} f5 {[%clk 0:28:07]} 0-1

[Event "Open Praha 2018 - A"]
[Site "?"]
[Date "2018.01.16"]
[Round "6"]
[White "Mihajlov, Sebastian"]
[Black "Michalczak, Thomas"]
[Result "1/2-1/2"]
[BlackElo "2208"]
[WhiteElo "2371"]
[LiveChessVersion "1.4.8"]

1. d4 {[%clk 1:20:41]} Nf6 {[%clk 1:30:55]} 2. c4 {[%clk 1:21:02]} g6
{[%clk 1:31:19]} 3. Nc3 {[%clk 1:21:26]} Bg7 {[%clk 1:31:44]} 4. e4
{[%clk 1:21:52]} d6 {[%clk 1:31:55]} 5. Nf3 {[%clk 1:21:42]} O-O {[%clk 1:32:17]}
6. h3 {[%clk 1:21:27]} Nc6 {[%clk 1:32:39]} 7. Be3 {[%clk 1:21:19]} e5
{[%clk 1:33:03]} 8. d5 {[%clk 1:21:43]} Nd4 {[%clk 1:33:30]} 9. Nxd4
{[%clk 1:20:40]} exd4 {[%clk 1:33:54]} 10. Bxd4 {[%clk 1:21:02]} Nxe4
{[%clk 1:34:20]} 11. Bxg7 {[%clk 1:20:44]} Re8 {[%clk 1:34:45]} 12. Be2
{[%clk 1:18:52]} Kxg7 {[%clk 1:34:27]} 13. Qd4+ {[%clk 1:17:43]} Qf6
{[%clk 1:34:47]} 14. Qxf6+ {[%clk 1:18:09]} Kxf6 {[%clk 1:35:12]} 15. Nxe4+
{[%clk 1:13:31]} Rxe4 {[%clk 1:35:33]} 16. Kd2 {[%clk 1:13:53]} Bd7
{[%clk 1:35:20]} 17. Bd3 {[%clk 1:14:07]} Re7 {[%clk 1:35:24]} 18. Rae1
{[%clk 1:12:30]} Rae8 {[%clk 1:35:45]} 19. Rxe7 {[%clk 1:07:00]} Rxe7
{[%clk 1:35:42]} 20. f4 {[%clk 1:07:08]} h5 {[%clk 1:34:31]} 21. h4
{[%clk 1:05:35]} Bf5 {[%clk 1:32:38]} 22. Be2 {[%clk 1:06:02]} Re4
{[%clk 1:13:51]} 23. g3 {[%clk 1:04:53]} Rd4+ {[%clk 1:14:13]} 24. Kc3
{[%clk 1:05:17]} Re4 {[%clk 1:14:39]} 25. Kd2 {[%clk 1:05:44]} Rd4+
{[%clk 1:15:03]} 26. Ke3 {[%clk 1:02:44]} Re4+ {[%clk 1:15:28]} 27. Kf2
{[%clk 0:59:22]} Rd4 {[%clk 1:15:26]} 28. Rd1 {[%clk 0:57:57]} Rxd1
{[%clk 1:14:36]} 29. Bxd1 {[%clk 0:58:22]} Bd3 {[%clk 1:12:53]} 30. b3
{[%clk 0:56:51]} Kf5 {[%clk 1:06:29]} 31. Ke3 {[%clk 0:57:16]} Bb1
{[%clk 1:06:53]} 32. a3 {[%clk 0:57:41]} a5 {[%clk 1:07:19]} 33. b4
{[%clk 0:57:48]} axb4 {[%clk 1:07:44]} 34. axb4 {[%clk 0:58:15]} b6
{[%clk 1:07:31]} 35. Kd4 {[%clk 0:57:29]} 1/2-1/2

[Event "Open Praha 2018 - A"]
[Site "?"]
[Date "2018.01.16"]
[Round "6"]
[White "Liu, Yi"]
[Black "Utiatskaja, Irina"]
[Result "1/2-1/2"]
[BlackElo "2164"]
[WhiteElo "2337"]
[LiveChessVersion "1.4.8"]

1. d4 Nf6 2. c4 g6 3. Nc3 Bg7 4. e4 d6 5. Nf3 O-O 6. Be2 e5 7. O-O exd4 8. Nxd4
Re8 9. f3 c6 10. Kh1 a6 11. Bg5 h6 12. Bh4 Nbd7 13. Qd2 Nxe4 14. Nxe4 Qxh4 15. g3
Qe7 16. Rfe1 Nf6 17. Bf1 Nxe4 18. Rxe4 Qd8 19. Rxe8+ Qxe8 20. Re1 Qd8 21. Bg2 Bd7
22. Ne2 Qf6 23. Nc3 Be6 24. Qxd6 Bxc4 25. Qc7 Qd8 26. Qxb7 Rb8 27. Qxc6 Bxc3 28.
bxc3 Qd2 29. Rg1 Qxa2 30. h4 h5 31. Qf6 Qd2 32. Qd4 Qxd4 33. cxd4 Rb2 34. Rc1 Be6
35. f4 Rd2 36. Ra1 Bc4 37. d5 Kf8 38. Kg1 Ke7 39. Bf1 Bb5 40. Bxb5 axb5 41. Ra7+
Kf6 42. Rd7 Kf5 43. Rxf7+ Kg4 44. Rf6 Kxg3 45. Rxg6+ Kxh4 46. d6 b4 47. f5 Rd5
48. Rg2 Rxd6 49. Rb2 1/2-1/2

[Event "Open Praha 2018 - A"]
[Site "?"]
[Date "2018.01.16"]
[Round "6"]
[White "Raahul, V S"]
[Black "Kulkarni, Bhakti"]
[Result "1-0"]
[BlackElo "2306"]
[WhiteElo "2205"]
[LiveChessVersion "1.4.8"]

1. c4 {[%clk 1:30:47]} e6 {[%clk 1:30:37]} 2. g3 {[%clk 1:30:53]} d5
{[%clk 1:30:46]} 3. Bg2 {[%clk 1:31:17]} Nf6 {[%clk 1:30:53]} 4. Nf3
{[%clk 1:31:40]} dxc4 {[%clk 1:31:00]} 5. Qa4+ {[%clk 1:32:03]} Bd7
{[%clk 1:31:10]} 6. Qxc4 {[%clk 1:32:31]} c5 {[%clk 1:31:13]} 7. Ne5
{[%clk 1:32:56]} Qc8 {[%clk 1:31:25]} 8. Nc3 {[%clk 1:32:44]} Nc6
{[%clk 1:31:27]} 9. Nxd7 {[%clk 1:33:08]} Qxd7 {[%clk 1:31:53]} 10. O-O
{[%clk 1:33:25]} Be7 {[%clk 1:31:31]} 11. Qa4 {[%clk 1:33:28]} Nd5
{[%clk 1:29:40]} 12. Qg4 {[%clk 1:33:19]} Nxc3 {[%clk 1:27:19]} 13. dxc3
{[%clk 1:33:08]} O-O {[%clk 1:26:36]} 14. Bh6 {[%clk 1:27:23]} Bf6
{[%clk 1:21:44]} 15. Be3 {[%clk 1:26:30]} Ne5 {[%clk 1:13:50]} 16. Qe4
{[%clk 1:26:18]} b6 {[%clk 1:13:24]} 17. Bf4 {[%clk 1:17:55]} Ng6
{[%clk 1:12:34]} 18. Rad1 {[%clk 1:15:46]} Qb5 {[%clk 1:12:12]} 19. Bd6
{[%clk 1:13:55]} Be7 {[%clk 1:09:55]} 20. Bxe7 {[%clk 1:13:11]} Nxe7
{[%clk 1:10:22]} 21. Qd3 {[%clk 1:10:02]} Qxd3 {[%clk 1:07:36]} 22. Rxd3
{[%clk 1:10:22]} Nd5 {[%clk 1:04:17]} 23. Bxd5 {[%clk 1:10:07]} exd5
{[%clk 1:04:46]} 24. Rxd5 {[%clk 1:10:35]} Rfe8 {[%clk 1:04:58]} 25. e3
{[%clk 1:10:42]} Re7 {[%clk 1:05:07]} 26. Rfd1 {[%clk 1:11:02]} f6
{[%clk 1:05:22]} 27. a4 {[%clk 1:07:10]} Kf7 {[%clk 1:05:27]} 28. a5
{[%clk 1:07:11]} Rb8 {[%clk 1:00:35]} 29. axb6 {[%clk 1:01:27]} axb6
{[%clk 0:59:59]} 30. Rd6 {[%clk 1:01:28]} Re6 {[%clk 0:59:40]} 31. Rd8
{[%clk 1:01:12]} Rb7 {[%clk 0:59:27]} 32. Kf1 {[%clk 0:58:37]} Ke7
{[%clk 0:57:55]} 33. Rg8 {[%clk 0:52:47]} Kf7 {[%clk 0:58:13]} 34. Rdd8
{[%clk 0:53:01]} Ra7 {[%clk 0:55:58]} 35. Ra8 {[%clk 0:53:01]} Rb7
{[%clk 0:54:34]} 36. Rgb8 {[%clk 0:50:31]} Ree7 {[%clk 0:54:55]} 37. Ke2
{[%clk 0:46:02]} c4 {[%clk 0:54:37]} 38. Rc8 {[%clk 0:40:57]} b5 {[%clk 0:54:12]}
39. Rc5 {[%clk 0:40:56]} Re6 {[%clk 0:53:34]} 40. Rac8 {[%clk 0:40:35]} Ree7
{[%clk 0:51:36]} 41. Rd8 {[%clk 0:40:34]} Rb6 {[%clk 0:51:28]} 42. Rdd5
{[%clk 0:40:56]} Reb7 {[%clk 0:51:51]} 43. e4 {[%clk 0:40:27]} Ke6
{[%clk 0:51:29]} 44. Ke3 {[%clk 0:40:33]} Ke7 {[%clk 0:51:04]} 45. h4
{[%clk 0:39:50]} h6 {[%clk 0:50:44]} 46. h5 {[%clk 0:39:48]} Ke6 {[%clk 0:50:28]}
47. Kf4 {[%clk 0:39:49]} b4 {[%clk 0:46:40]} 48. Rxc4 {[%clk 0:39:46]} bxc3
{[%clk 0:46:42]} 49. bxc3 {[%clk 0:40:12]} Rb2 {[%clk 0:46:59]} 50. f3
{[%clk 0:40:02]} Rc2 {[%clk 0:47:01]} 51. Rc6+ {[%clk 0:38:00]} Kf7
{[%clk 0:47:18]} 52. Rd3 {[%clk 0:37:42]} Ke7 {[%clk 0:45:57]} 53. c4
{[%clk 0:37:22]} Ra7 {[%clk 0:45:23]} 54. g4 {[%clk 0:36:52]} Rc1
{[%clk 0:45:03]} 55. Kf5 {[%clk 0:35:04]} 1-0

[Event "Open Praha 2018 - A"]
[Site "?"]
[Date "2018.01.16"]
[Round "6"]
[White "Certek, Pavel"]
[Black "Pena Gomez, Manuel"]
[Result "0-1"]
[BlackElo "2491"]
[WhiteElo "2286"]
[LiveChessVersion "1.4.8"]

1. Nf3 {[%clk 1:30:57]} Nf6 {[%clk 1:23:36]} 2. d4 {[%clk 1:29:20]} g6
{[%clk 1:23:53]} 3. c4 {[%clk 1:26:01]} Bg7 {[%clk 1:24:04]} 4. g3
{[%clk 1:26:09]} c5 {[%clk 1:19:52]} 5. Bg2 {[%clk 1:25:56]} O-O {[%clk 1:19:24]}
6. O-O {[%clk 1:25:44]} Na6 {[%clk 1:19:51]} 7. Nc3 {[%clk 1:25:16]} d6
{[%clk 1:20:04]} 8. h3 {[%clk 1:20:49]} Qa5 {[%clk 1:18:07]} 9. d5
{[%clk 1:12:52]} Bd7 {[%clk 1:17:40]} 10. Bd2 {[%clk 1:07:21]} Qd8
{[%clk 1:16:38]} 11. e4 {[%clk 1:01:18]} Rb8 {[%clk 1:13:53]} 12. Re1
{[%clk 0:51:21]} Qc8 {[%clk 0:59:45]} 13. Kh2 {[%clk 0:50:42]} Nb4
{[%clk 0:59:29]} 14. Bf1 {[%clk 0:37:27]} Ne8 {[%clk 0:54:11]} 15. a3
{[%clk 0:31:22]} Na6 {[%clk 0:54:40]} 16. e5 {[%clk 0:30:36]} dxe5
{[%clk 0:51:53]} 17. Nxe5 {[%clk 0:31:01]} Nd6 {[%clk 0:52:15]} 18. Nxd7
{[%clk 0:28:36]} Qxd7 {[%clk 0:52:34]} 19. Bf4 {[%clk 0:28:16]} Nc7
{[%clk 0:52:26]} 20. Qa4 {[%clk 0:23:14]} Qd8 {[%clk 0:35:13]} 21. Rac1
{[%clk 0:18:38]} a6 {[%clk 0:34:47]} 22. b4 {[%clk 0:14:49]} b5 {[%clk 0:34:31]}
23. cxb5 {[%clk 0:07:09]} cxb4 {[%clk 0:34:37]} 24. Qxb4 {[%clk 0:05:27]} Bxc3
{[%clk 0:34:32]} 25. Qxc3 {[%clk 0:05:31]} Nxd5 {[%clk 0:34:57]} 26. Qd2
{[%clk 0:05:11]} Nxf4 {[%clk 0:35:19]} 27. Qxf4 {[%clk 0:05:37]} axb5
{[%clk 0:35:43]} 28. Qe5 {[%clk 0:04:53]} Rb7 {[%clk 0:35:57]} 29. h4
{[%clk 0:05:03]} h5 {[%clk 0:33:08]} 30. Rc5 {[%clk 0:03:36]} Qb8
{[%clk 0:30:00]} 31. Qe3 {[%clk 0:03:36]} Qa7 {[%clk 0:28:46]} 32. Bg2
{[%clk 0:02:41]} Rbb8 {[%clk 0:28:36]} 33. Rec1 {[%clk 0:02:24]} Nc4
{[%clk 0:25:30]} 34. Qg5 {[%clk 0:02:36]} e5 {[%clk 0:23:48]} 35. Rc6
{[%clk 0:02:20]} Rb6 {[%clk 0:23:06]} 36. Rxb6 {[%clk 0:00:47]} Qxb6
{[%clk 0:23:34]} 37. a4 {[%clk 0:01:13]} Qxf2 {[%clk 0:23:47]} 38. axb5
{[%clk 0:01:24]} Ne3 {[%clk 0:24:11]} 39. Rg1 {[%clk 0:01:41]} Ng4+
{[%clk 0:24:34]} 0-1

[Event "Open Praha 2018 - A"]
[Site "?"]
[Date "2018.01.16"]
[Round "6"]
[White "Hainke, Guntram"]
[Black "Druska, Juraj"]
[Result "1-0"]
[BlackElo "2435"]
[WhiteElo "2283"]
[LiveChessVersion "1.4.8"]

1. d4 {[%clk 1:30:56]} Nf6 {[%clk 1:29:15]} 2. c4 {[%clk 1:31:13]} e6
{[%clk 1:29:30]} 3. Nc3 {[%clk 1:31:30]} Bb4 {[%clk 1:29:55]} 4. e3
{[%clk 1:31:44]} b6 {[%clk 1:30:15]} 5. Nge2 {[%clk 1:31:30]} c5 {[%clk 1:30:40]}
6. a3 {[%clk 1:31:18]} Ba5 {[%clk 1:31:06]} 7. Rb1 {[%clk 1:30:54]} Na6
{[%clk 1:31:11]} 8. g3 {[%clk 1:30:38]} Bb7 {[%clk 1:23:50]} 9. d5
{[%clk 1:30:49]} b5 {[%clk 1:21:29]} 10. Bg2 {[%clk 1:30:47]} bxc4
{[%clk 1:06:40]} 11. O-O {[%clk 1:31:01]} e5 {[%clk 1:06:45]} 12. e4
{[%clk 1:21:40]} O-O {[%clk 1:05:07]} 13. f4 {[%clk 1:14:25]} Re8
{[%clk 0:58:08]} 14. f5 {[%clk 1:10:49]} d6 {[%clk 0:55:56]} 15. Bf3
{[%clk 1:04:37]} Qb6 {[%clk 0:33:32]} 16. Be3 {[%clk 0:58:26]} Qb3
{[%clk 0:30:40]} 17. Qd2 {[%clk 0:58:15]} Nc7 {[%clk 0:30:11]} 18. Bh6
{[%clk 0:50:22]} Rf8 {[%clk 0:08:57]} 19. Bxg7 {[%clk 0:49:37]} Kxg7
{[%clk 0:09:23]} 20. Qg5+ {[%clk 0:49:41]} Kh8 {[%clk 0:09:52]} 21. Qxf6+
{[%clk 0:50:00]} Kg8 {[%clk 0:10:16]} 22. Bh5 {[%clk 0:29:21]} Qb6
{[%clk 0:00:59]} 23. Qh6 {[%clk 0:28:44]} Ne8 {[%clk 0:00:43]} 24. Bg6
{[%clk 0:26:21]} Nf6 {[%clk 0:00:37]} 25. Bxh7+ {[%clk 0:26:28]} Nxh7
{[%clk 0:01:05]} 26. f6 {[%clk 0:26:49]} 1-0

[Event "Open Praha 2018 - A"]
[Site "?"]
[Date "2018.01.16"]
[Round "6"]
[White "Zwahr, Paul"]
[Black "Popov, Mikhail"]
[Result "0-1"]
[BlackElo "2416"]
[WhiteElo "2269"]
[LiveChessVersion "1.4.8"]

1. e4 {[%clk 1:30:58]} c6 {[%clk 1:30:39]} 2. d4 {[%clk 1:29:14]} d5
{[%clk 1:31:01]} 3. Nd2 {[%clk 1:29:34]} dxe4 {[%clk 1:31:25]} 4. Nxe4
{[%clk 1:30:00]} Bf5 {[%clk 1:31:19]} 5. Ng3 {[%clk 1:30:24]} Bg6
{[%clk 1:31:45]} 6. h4 {[%clk 1:30:48]} h6 {[%clk 1:32:09]} 7. Nf3
{[%clk 1:31:14]} Nd7 {[%clk 1:32:21]} 8. h5 {[%clk 1:31:31]} Bh7 {[%clk 1:32:47]}
9. Bd3 {[%clk 1:31:57]} Bxd3 {[%clk 1:33:11]} 10. Qxd3 {[%clk 1:32:24]} e6
{[%clk 1:33:35]} 11. Bd2 {[%clk 1:32:48]} Qc7 {[%clk 1:33:55]} 12. O-O-O
{[%clk 1:32:46]} Ngf6 {[%clk 1:33:03]} 13. Ne4 {[%clk 1:32:49]} O-O-O
{[%clk 1:31:40]} 14. g3 {[%clk 1:33:08]} Nxe4 {[%clk 1:24:14]} 15. Qxe4
{[%clk 1:31:50]} Nf6 {[%clk 1:24:27]} 16. Qe2 {[%clk 1:32:04]} Bd6
{[%clk 1:22:37]} 17. c4 {[%clk 1:31:50]} c5 {[%clk 1:20:57]} 18. Bc3
{[%clk 1:32:14]} cxd4 {[%clk 1:19:53]} 19. Nxd4 {[%clk 1:32:38]} a6
{[%clk 1:19:41]} 20. Kb1 {[%clk 1:32:51]} Rd7 {[%clk 1:16:07]} 21. Nb3
{[%clk 1:29:15]} Qc6 {[%clk 1:07:11]} 22. Rh4 {[%clk 1:27:35]} Rhd8
{[%clk 0:58:05]} 23. Rc1 {[%clk 1:27:17]} Bc7 {[%clk 0:55:46]} 24. c5
{[%clk 1:22:12]} Kb8 {[%clk 0:32:11]} 25. Ba5 {[%clk 1:12:05]} Ng8
{[%clk 0:23:20]} 26. Rb4 {[%clk 0:59:49]} Ne7 {[%clk 0:10:22]} 27. Bxc7+
{[%clk 0:53:39]} Qxc7 {[%clk 0:10:21]} 28. Qxa6 {[%clk 0:49:49]} Nc6
{[%clk 0:09:37]} 29. Rb6 {[%clk 0:49:13]} Rd1 {[%clk 0:07:11]} 30. Qe2
{[%clk 0:15:41]} Rxc1+ {[%clk 0:07:37]} 31. Nxc1 {[%clk 0:15:44]} Rd5
{[%clk 0:06:59]} 32. Nb3 {[%clk 0:12:54]} Qd8 {[%clk 0:04:56]} 33. Qa6
{[%clk 0:05:44]} Rd1+ {[%clk 0:02:59]} 34. Kc2 {[%clk 0:06:11]} Rd7
{[%clk 0:03:26]} 35. Kb1 {[%clk 0:06:03]} Rd1+ {[%clk 0:02:34]} 36. Kc2
{[%clk 0:06:28]} Rd7 {[%clk 0:03:03]} 37. Kb1 {[%clk 0:06:41]} Qf6
{[%clk 0:01:56]} 38. Qe2 {[%clk 0:06:29]} Qf5+ {[%clk 0:02:04]} 39. Ka1
{[%clk 0:04:32]} Qxf2 {[%clk 0:01:43]} 40. Qc4 {[%clk 0:00:57]} Rd1+
{[%clk 0:01:00]} 41. Nc1 {[%clk 0:01:19]} Qd4 {[%clk 0:12:18]} 42. Qc2
{[%clk 0:29:47]} Rd2 {[%clk 0:12:33]} 43. Qb3 {[%clk 0:27:59]} Qxc5
{[%clk 0:12:23]} 44. Kb1 {[%clk 0:15:33]} Qf5+ {[%clk 0:12:10]} 45. Ka1
{[%clk 0:15:58]} Rc2 {[%clk 0:11:36]} 46. Rxc6 {[%clk 0:11:17]} Rxc6
{[%clk 0:11:50]} 47. Qd1 {[%clk 0:11:31]} Qd5 {[%clk 0:10:47]} 48. Qe1
{[%clk 0:10:52]} Rd6 {[%clk 0:09:20]} 49. a3 {[%clk 0:09:22]} Qd1
{[%clk 0:09:25]} 50. Qe3 {[%clk 0:08:33]} Rc6 {[%clk 0:09:38]} 51. Kb1
{[%clk 0:07:24]} Qc2+ {[%clk 0:10:01]} 0-1